English in focus; Level B

Bewaard in:
Bibliografische gegevens
Hoofdauteur: Nicholas Sampson
Formaat: Boek
Taal:Undetermined
Gepubliceerd in: Tp. HCM Nxb. Tp. HCM 1997
Onderwerpen:
Tags: Voeg label toe
Geen labels, Wees de eerste die dit record labelt!
Thư viện lưu trữ: Trung tâm Học liệu Trường Đại học Cần Thơ
LEADER 00677nam a2200205Ia 4500
001 CTU_30660
008 210402s9999 xx 000 0 und d
020 |b 38.000đ 
082 |a 428.24 
082 |b S192B 
100 |a Nicholas Sampson 
245 0 |a English in focus; Level B 
245 0 |c Nicholas Sampson, Nguyễn Quốc Hùng biên dịch 
260 |a Tp. HCM 
260 |b Nxb. Tp. HCM 
260 |c 1997 
650 |a english language - study and teaching,english language - textbooks for foreign speakers 
650 |x study and teaching,textbooks for foreign speakers 
904 |i Minh, 990522 
980 |a Trung tâm Học liệu Trường Đại học Cần Thơ